书目信息 |
| 题名: |
食品检验工职业技能鉴定考核试题库
|
|
| 作者: | 王磊 , 赵毅 主编 | |
| 分册: | ||
| 出版信息: | 北京 机械工业出版社 2017.01 |
|
| 页数: | 376页 | |
| 开本: | 24cm | |
| 丛书名: | ||
| 单 册: | ||
| 中图分类: | TS207.3 | |
| 科图分类: | ||
| 主题词: | 食品检验--职业技能--鉴定--习题集 | |
| 电子资源: | ||
| ISBN: | 978-7-111-55165-2 | |
| 000 | 01027nam0 2200265 450 | |
| 001 | 0100004126 | |
| 005 | 20170112142708.0 | |
| 010 | @a978-7-111-55165-2@dCNY49.80 | |
| 100 | @a20170124d2017 em y0chiy50 ea | |
| 101 | 0 | @achi |
| 102 | @aCN@b110000 | |
| 105 | @ay q 000yy | |
| 106 | @ar | |
| 200 | 1 | @a食品检验工职业技能鉴定考核试题库@Ashi pin jian yan gong zhi ye ji neng jian ding kao he shi ti ku@e理论试题+技能试题+模拟试卷@f王磊,赵毅主编 |
| 210 | @a北京@c机械工业出版社@d2017.01 | |
| 215 | @a376页@d24cm | |
| 300 | @a国家职业技能鉴定培训教程 依据最新《国家职业技能标准》编写 | |
| 330 | @a本书是依据《国家职业标准食品检验工》的知识和技能要求,按照职业技能鉴定考核需要编写的,主要内容包括检验的基础知识、初级工鉴定考核试题库、中级工鉴定考核试题库、高级工鉴定考核试题库。 | |
| 333 | @a职业教育 | |
| 606 | 0 | @a食品检验@x职业技能@x鉴定@j习题集 |
| 690 | @aTS207.3@v5 | |
| 701 | 0 | @a王磊@Awang lei@4主编 |
| 701 | 0 | @a赵毅@Azhao yi@4主编 |
| 801 | 0 | @aCN@c201701015 |
| 905 | @a河南城建学院图书馆@dTS207.3@eW253 | |
| 食品检验工职业技能鉴定考核试题库:理论试题+技能试题+模拟试卷/王磊,赵毅主编.-北京:机械工业出版社,2017.01 |
| 376页;24cm |
| 国家职业技能鉴定培训教程 依据最新《国家职业技能标准》编写.-使用对象:职业教育 |
| ISBN 978-7-111-55165-2:CNY49.80 |
| 本书是依据《国家职业标准食品检验工》的知识和技能要求,按照职业技能鉴定考核需要编写的,主要内容包括检验的基础知识、初级工鉴定考核试题库、中级工鉴定考核试题库、高级工鉴定考核试题库。 |
| ● |
| 相关链接 |
|
|
|
正题名:食品检验工职业技能鉴定考核试题库
索取号:TS207.3/W253
 
预约/预借
| 序号 | 登录号 | 条形码 | 馆藏地/架位号 | 状态 | 备注 |
| 1 | 1363084 | 213630846 | 自科库501/501自科库 71排2列4层/ [索取号:TS207.3/W253] | 在馆 | |
| 2 | 1363085 | 213630855 | 自科库501/501自科库 71排2列4层/ [索取号:TS207.3/W253] | 在馆 |